Departments of the Republic of the Congo - Statistics

General Stats
  • This quiz has been taken 89 times
  • The average score is 8 of 15
Answers on the Map
Answers color-coded by a green-red scale on the quiz's map according to % correct below.
 
Answer Stats
Departments % Correct
Brazzaville
100%
Plateaux
73%
Pointe-Noire
73%
Pool
64%
Niari
55%
Cuvette
45%
Cuvette-Ouest
45%
Lékoumou
45%
Likouala
45%
Sangha
45%
Bouenza
36%
Congo-Oubangui
36%
Djoué-Léfini
36%
Kouilou
36%
Nkéni-Alima
36%
No matching quizzes found
Score Distribution
Percent of People with Each Score
Percentile by Number Answered
Your Score History
You have not taken this quiz